Công chứng luật sư giám định Hộ tịch

Đã lưu trong:
Sonraí Bibleagrafaíochta
Formáid: Leabhar
Teanga:Undetermined
Foilsithe: Hà Nội Chính trị Quốc gia 1994
Ábhair:
Clibeanna: Cuir Clib Leis
Gan Chlibeanna, Bí ar an gcéad duine leis an taifead seo a chlibeáil!
Thư viện lưu trữ: Trung tâm Học liệu Trường Đại học Cần Thơ
LEADER 00463nam a2200157Ia 4500
001 CTU_154320
008 210402s9999 xx 000 0 und d
082 |a 344.01 
082 |b C455 
245 0 |a Công chứng luật sư giám định Hộ tịch 
260 |a Hà Nội 
260 |b Chính trị Quốc gia 
260 |c 1994 
650 |a Civil law (Vietnamese law) 
904 |i Giang 
980 |a Trung tâm Học liệu Trường Đại học Cần Thơ